000 00492nam a2200181Ia 4500
005 20250326143143.0
008 250326s9999 xx 000 0 und d
037 _aTextbook
040 _aFMSL
_beng
_cFMSL
041 _aeng
_2eng
084 _aX65.44 P4
_qFMSL
100 _aNaib S
_9747233
245 0 _aDisinvestment in India
_cNaib S
260 _aNew Delhi
_bNew Delhi, Sage Publications
_c2004
300 _a478p
942 _cTB
_hX65.44 P4
999 _c1298343
_d1298343